[Event "1st Grand Europe Open"]
[Site "Golden Sands BUL"]
[Date "2012.06.09"]
[Round "6.5"]
[White "L'Ami, Erwin"]
[Black "Yilmaz, Mustafa"]
[Result "1-0"]
[WhiteTitle "GM"]
[BlackTitle "IM"]
[WhiteElo "2605"]
[BlackElo "2536"]
[WhiteFideId "1007998"]
[BlackFideId "6302718"]
[EventDate "2012.06.04"]
[EventType "swiss"]

1. d4 d5 2. c4 c6 3. Nf3 Nf6 4. Nc3 a6 5. e3 Bf5 6. Bd3 Bxd3 7. Qxd3 e6 8. O-O
Be7 9. e4 O-O 10. Rd1 Nxe4 11. Nxe4 dxe4 12. Qxe4 Nd7 13. Bf4 Qa5 14. Rd3 Rfd8
15. Qe2 Qh5 16. Rad1 Bf6 17. Qe4 Nf8 18. Ne5 Bxe5 19. Qxe5 Qxe5 20. dxe5 Rxd3
21. Rxd3 Ng6 22. g3 Kf8 23. Rd7 b5 24. c5 h6 25. Rc7 Ne7 26. Bd2 a5 27. Kf1 a4
28. Ke2 Ke8 29. Rb7 Nc8 30. Rc7 Ne7 31. f4 h5 32. Rb7 Nc8 33. f5 Ra7 34. Rxa7
Nxa7 35. f6 g6 36. Ba5 Kd7 37. Ke3 Ke8 38. Bb6 Nc8 39. Bc7 Kf8 40. h3 Ke8 41.
Kd4 Kd7 42. Bb8 Kd8 43. Kc3 Ke8 44. Kb4 Kd8 45. Ka5 Ke8 46. Ka6 Kd8 47. Kb7 Kd7
48. g4 hxg4 49. hxg4 b4 50. g5 b3 51. a3 1-0

[Event "1st Grand Europe Open"]
[Site "Golden Sands BUL"]
[Date "2012.06.09"]
[Round "6.6"]
[White "Vajda, Levente"]
[Black "Drenchev, Petar"]
[Result "1-0"]
[WhiteTitle "GM"]
[BlackTitle "GM"]
[WhiteElo "2600"]
[BlackElo "2496"]
[WhiteFideId "1203975"]
[BlackFideId "2903261"]
[EventDate "2012.06.04"]
[EventType "swiss"]

1. e4 e5 2. Nf3 Nc6 3. d4 exd4 4. Nxd4 Bc5 5. Nb3 Bb4+ 6. c3 Be7 7. Bf4 g5 8.
Be3 Nf6 9. Bxg5 Nxe4 10. Be3 d5 11. N1d2 Qd6 12. Nxe4 dxe4 13. Nd2 f5 14. f4
exf3 15. Qxf3 Bd7 16. O-O-O O-O-O 17. Bf4 Qg6 18. Bb5 a6 19. Bc4 Bg5 20. Bd5
Bxf4 21. Qxf4 Qg4 22. Qf2 Rhe8 23. Nf3 Kb8 24. Rd2 Qf4 25. Kb1 Bc8 26. Rhd1 Rd6
27. h4 Nd8 28. Rd4 Qe3 29. Qg3 Qh6 30. Ng5 Qg7 31. Qf2 h6 32. Nf3 Qf6 33. Bb3
Rxd4 34. Nxd4 Nc6 35. Ba4 b5 36. Nxc6+ Qxc6 37. Bc2 Qe6 38. a4 Qe2 39. Qxe2 Rxe2
40. Rd8 Kb7 41. Bd1 Re1 42. axb5 axb5 43. Kc2 Be6 44. Bf3+ c6 45. Rd6 Bd5 46.
Bxd5 cxd5 47. Rxd5 Kc6 48. Rxf5 Re2+ 49. Kb3 Rxg2 50. Rf6+ Kc5 51. Rxh6 Rh2 52.
Rh5+ Kc6 53. Rh6+ Kc5 54. Rh8 Kc6 55. h5 Rh4 56. h6 Kb7 57. h7 1-0

[Event "1st Grand Europe Open"]
[Site "Golden Sands BUL"]
[Date "2012.06.09"]
[Round "6.7"]
[White "Grigoryan, Karen H."]
[Black "Fier, Alexandr"]
[Result "1-0"]
[WhiteTitle "IM"]
[BlackTitle "GM"]
[WhiteElo "2517"]
[BlackElo "2596"]
[WhiteFideId "13301004"]
[BlackFideId "2107139"]
[EventDate "2012.06.04"]
[EventType "swiss"]

1. d4 Nf6 2. c4 g6 3. Nc3 Bg7 4. Nf3 O-O 5. g3 d6 6. Bg2 Nc6 7. O-O a6 8. b3 Rb8
9. Nd5 Nh5 10. Bb2 e6 11. Ne3 Ne7 12. Rc1 f5 13. Qd2 Bh6 14. Rc2 Nf6 15. Qd3 g5
16. c5 g4 17. Nd2 d5 18. f3 gxf3 19. exf3 f4 20. Nd1 Bd7 21. a4 Be8 22. Qe2 Bg6
23. Rc3 fxg3 24. hxg3 Nf5 25. f4 Nxd4 26. Qe5 Bg7 27. Qxd4 Ng4 28. Qb4 a5 29.
Qxa5 Bd4+ 30. Nf2 e5 31. Qb4 Nxf2 32. Rxf2 Bxf2+ 33. Kxf2 d4 34. Rc4 c6 35. Nf3
b5 36. cxb6 Rxb6 37. Qd2 Qb8 38. b4 c5 39. b5 exf4 40. Rxc5 fxg3+ 41. Kg1 Rd6
42. Bxd4 Qd8 43. Qc3 h6 44. Rc7 Bf7 45. b6 Re8 46. b7 Be6 47. Rg7+ Kf8 48. Bc5
Bd5 49. Rxg3 1-0

[Event "1st Grand Europe Open"]
[Site "Golden Sands BUL"]
[Date "2012.06.09"]
[Round "6.8"]
[White "Stocek, Jiri"]
[Black "Arnaudov, G. Petar"]
[Result "1/2-1/2"]
[WhiteTitle "GM"]
[BlackTitle "IM"]
[WhiteElo "2595"]
[BlackElo "2477"]
[WhiteFideId "304760"]
[BlackFideId "2907127"]
[EventDate "2012.06.04"]
[EventType "swiss"]

1. d4 Nf6 2. c4 e6 3. Nf3 d5 4. Nc3 c5 5. Bg5 cxd4 6. Qxd4 Nc6 7. Bxf6 gxf6 8.
Qh4 dxc4 9. e3 f5 10. Qxc4 Bg7 11. Be2 O-O 12. O-O Qe7 13. a3 Bd7 14. Rac1 Rfd8
15. Qf4 Be8 16. Rc2 Qf6 17. Rd1 Rxd1+ 1/2-1/2

[Event "1st Grand Europe Open"]
[Site "Golden Sands BUL"]
[Date "2012.06.09"]
[Round "6.9"]
[White "Popchev, Milko"]
[Black "Solak, Dragan"]
[Result "1/2-1/2"]
[WhiteTitle "GM"]
[BlackTitle "GM"]
[WhiteElo "2450"]
[BlackElo "2586"]
[WhiteFideId "2900165"]
[BlackFideId "916811"]
[EventDate "2012.06.04"]
[EventType "swiss"]

1. d4 Nf6 2. Nf3 g6 3. g3 Bg7 4. Bg2 O-O 5. O-O d6 6. Nc3 Nc6 7. e4 Bg4 8. h3
Bxf3 9. Bxf3 Nd7 10. Ne2 e5 11. dxe5 Ncxe5 12. Bg2 Re8 13. Re1 Nc5 14. Rb1 a5
15. Nf4 a4 16. b4 axb3 17. axb3 Ned7 18. Bb2 Bxb2 19. Rxb2 Nf6 20. Qd4 Qe7 21.
b4 Ncxe4 22. Nd5 Nxd5 23. Rxe4 Qf6 24. Qxf6 Nxf6 25. Rxe8+ Rxe8 26. Bxb7 Re1+
27. Kg2 d5 28. c4 dxc4 29. Rc2 Rb1 30. Rxc4 c5 31. Rxc5 Rxb4 1/2-1/2

[Event "1st Grand Europe Open"]
[Site "Golden Sands BUL"]
[Date "2012.06.09"]
[Round "6.10"]
[White "Swiercz, Dariusz"]
[Black "Can, Emre"]
[Result "1-0"]
[WhiteTitle "GM"]
[BlackTitle "GM"]
[WhiteElo "2585"]
[BlackElo "2461"]
[WhiteFideId "1126881"]
[BlackFideId "6302181"]
[EventDate "2012.06.04"]
[EventType "swiss"]

1. d4 Nf6 2. c4 g6 3. g3 Bg7 4. Bg2 O-O 5. Nc3 d6 6. Nf3 Nc6 7. O-O Bf5 8. b3
Ne4 9. Nd5 Bd7 10. Bb2 e6 11. Nf4 f5 12. e3 Qe7 13. Nd2 Nf6 14. Qc2 g5 15. Nd3
Qf7 16. Rae1 Rae8 17. b4 Nd8 18. b5 Qh5 19. e4 e5 20. dxe5 Ng4 21. h3 Nxe5 22.
Nxe5 Bxe5 23. Bxe5 Rxe5 24. exf5 Bxf5 25. Qc3 Rxe1 26. Rxe1 Qf7 27. Qe3 Qf6 28.
Qxa7 Qc3 29. Qe3 Qxe3 30. Rxe3 Kf7 31. Bd5+ Be6 32. Ne4 h6 33. b6 cxb6 34. Nxd6+
Kf6 35. Ne4+ Ke7 36. Rb3 Bxh3 37. Rxb6 Rh8 38. Nc5 Bc8 39. Kg2 h5 40. Nxb7 Nxb7
41. Bxb7 Be6 42. Bd5 Bxd5+ 43. cxd5 h4 44. Re6+ Kd7 45. a4 hxg3 46. fxg3 Ra8 47.
Re4 Kd6 48. Rg4 Ra5 49. Rxg5 Rxa4 50. Kh3 Ra8 51. Rf5 Rg8 52. g4 Rh8+ 53. Kg3
Rg8 54. g5 Rh8 55. Kg4 Rh1 56. g6 Rg1+ 57. Kh5 Rh1+ 58. Kg5 Rg1+ 59. Kf6 1-0

[Event "1st Grand Europe Open"]
[Site "Golden Sands BUL"]
[Date "2012.06.09"]
[Round "6.12"]
[White "Tikkanen, Hans"]
[Black "Virovlansky, Semen"]
[Result "1-0"]
[WhiteTitle "GM"]
[BlackTitle "IM"]
[WhiteElo "2566"]
[BlackElo "2445"]
[WhiteFideId "1706446"]
[BlackFideId "4125207"]
[EventDate "2012.06.04"]
[EventType "swiss"]

1. c4 Nf6 2. g3 c6 3. Nf3 d5 4. Bg2 g6 5. O-O Bg7 6. b3 Ne4 7. d4 O-O 8. Bb2 Be6
9. Ne5 Nd7 10. Nd3 Nd6 11. Nf4 dxc4 12. Nxe6 fxe6 13. Nd2 c3 14. Bxc3 Nb5 15.
Bb2 Nxd4 16. Ne4 Nf3+ 17. exf3 Bxb2 18. Rb1 Bg7 19. Bh3 Ne5 20. f4 Qxd1 21.
Rfxd1 Nf3+ 22. Kg2 Nd4 23. Nc5 b6 24. Nxe6 Nxe6 25. Bxe6+ Kh8 26. Rd7 Bf6 27.
Rbd1 a5 28. Rb7 Rab8 29. Rdd7 Kg7 30. Kf3 b5 31. Rxb8 Rxb8 32. Rc7 Rd8 33. Bd7
b4 34. Ke4 Kf7 35. f5 c5 36. f4 g5 37. Be6+ Kg7 38. fxg5 Bxg5 39. Rxc5 Ra8 40.
Bd5 Ra6 41. h4 Bf6 42. Rb5 h6 43. Bb7 Ra7 44. Kd5 Bc3 45. Ke6 Bf6 46. Kd7 h5 47.
Ke6 Kf8 48. Bf3 Rc7 49. Kd5 Kg7 50. Rxa5 Rc1 51. Ke4 Kh6 52. Kf4 Re1 53. Ra6 Rf1
54. Rb6 Re1 55. Be4 Rf1+ 56. Ke3 Rg1 57. Kf2 Ra1 58. Ra6 Rd1 59. Bf3 Rd2+ 60.
Ke3 Rc2 61. Be4 Rc1 62. Bd3 Kg7 63. Rb6 Rg1 64. Kf3 Ra1 65. Rxb4 Rxa2 66. Rb8
Ra1 67. Bc4 Rc1 68. Rg8+ Kh7 69. Rg6 Re1 70. Bg8+ Kh8 71. Bf7 Kh7 72. Bg8+ Kh8
73. Bd5 Kh7 74. Be4 Rc1 75. Ke2 Rc3 76. Bd5 Rc5 77. Bg8+ Kh8 78. Be6 Kh7 79. Kd3
Re5 80. Rg5 Bxg5 81. hxg5 Re1 82. b4 Rg1 83. b5 Rxg3+ 84. Kc2 Rg2+ 85. Kc3 Rg3+
86. Kb4 Rg4+ 87. Bc4 h4 88. b6 Rd4 89. b7 Rd8 90. Bd3 Kg7 91. Kc5 h3 92. Kc6 h2
93. Be4 Rd4 94. b8=Q Rxe4 95. Qxh2 1-0

[Event "1st Grand Europe Open"]
[Site "Golden Sands BUL"]
[Date "2012.06.09"]
[Round "6.13"]
[White "Berescu, Alin-Mile"]
[Black "Georgiev, Kiril"]
[Result "0-1"]
[WhiteTitle "GM"]
[BlackTitle "GM"]
[WhiteElo "2516"]
[BlackElo "2689"]
[WhiteFideId "1204920"]
[BlackFideId "2900017"]
[EventDate "2012.06.04"]
[EventType "swiss"]

1. c4 Nf6 2. g3 c6 3. Bg2 d5 4. Nf3 dxc4 5. O-O Nbd7 6. Na3 Nb6 7. Qc2 Be6 8.
Ng5 Qd7 9. b3 Bf5 10. e4 Bg6 11. Nxc4 Nxc4 12. bxc4 h6 13. Nh3 e5 14. Bb2 Bd6
15. c5 Bc7 16. f3 Rd8 17. Rad1 O-O 18. d4 Qe7 19. Nf2 Rfe8 20. Qc4 exd4 21. Bxd4
Be5 22. Be3 Bb8 23. Rb1 Nd5 24. Bc1 Nf6 25. Be3 h5 26. Bg5 Be5 27. Rfd1 Rxd1+
28. Rxd1 Rd8 29. Rxd8+ Qxd8 30. Be3 h4 31. f4 Bc7 32. Bf3 Qe7 33. Kg2 hxg3 34.
hxg3 Bf5 35. Qc2 Bc8 36. Bd4 Nd7 37. Qc3 f6 38. Bg4 Qf7 39. Bd1 Nf8 40. f5 Qe8
41. Bb3+ Kh8 42. g4 Nh7 43. Qh3 Bf4 44. Kf3 Bh6 45. Bxf6 Nxf6 46. g5 Nh7 0-1

[Event "1st Grand Europe Open"]
[Site "Golden Sands BUL"]
[Date "2012.06.09"]
[Round "6.14"]
[White "Melkumyan, Hrant"]
[Black "Xiu, Deshun"]
[Result "1-0"]
[WhiteTitle "GM"]
[BlackTitle "GM"]
[WhiteElo "2642"]
[BlackElo "2494"]
[WhiteFideId "13302485"]
[BlackFideId "8603693"]
[EventDate "2012.06.04"]
[EventType "swiss"]

1. e4 c5 2. Nf3 d6 3. d4 cxd4 4. Nxd4 Nf6 5. Nc3 a6 6. Be3 e5 7. Nf3 Be7 8. Bc4
O-O 9. O-O Be6 10. Bxe6 fxe6 11. Na4 Ng4 12. Qd3 Nxe3 13. Qxe3 b5 14. Nb6 Ra7
15. Nd5 Rb7 16. Qd2 Nd7 17. Rad1 Nc5 18. Nxe7+ Rxe7 19. Rfe1 Nb7 20. Re3 Qb6 21.
b4 Qc6 22. a3 Rf4 23. Qe2 Rc7 24. c3 Qc4 25. Qe1 Rcf7 26. Ng5 Rc7 27. g3 Rf6 28.
h4 h6 29. Nf3 Rcf7 30. Rdd3 Rf8 31. h5 Qc7 32. Nh4 Rc8 33. Qd1 Qf7 34. Ng6 Kh7
35. Rd2 Rc4 36. Qe2 Qc7 37. Kg2 Qc6 38. Rdd3 Qc7 39. Qg4 d5 40. Qe2 d4 41. cxd4
exd4 42. Rf3 Qc6 43. Ne5 Rc2 44. Nxc6 Rxe2 45. Rxf6 gxf6 46. Rxd4 1-0

[Event "1st Grand Europe Open"]
[Site "Golden Sands BUL"]
[Date "2012.06.09"]
[Round "6.15"]
[White "Naroditsky, Daniel"]
[Black "Vuckovic, Bojan"]
[Result "1-0"]
[WhiteTitle "IM"]
[BlackTitle "GM"]
[WhiteElo "2479"]
[BlackElo "2628"]
[WhiteFideId "2026961"]
[BlackFideId "922277"]
[EventDate "2012.06.04"]
[EventType "swiss"]

1. e4 c5 2. Nf3 Nc6 3. d4 cxd4 4. Nxd4 Qb6 5. Nb3 Nf6 6. Nc3 e6 7. Qe2 Bb4 8.
Bd2 O-O 9. a3 Be7 10. e5 Ne8 11. O-O-O Qc7 12. f4 a6 13. g4 b5 14. Ne4 Bb7 15.
Bg2 Rc8 16. Be3 d6 17. Qf2 dxe5 18. f5 exf5 19. gxf5 Nf6 20. Nxf6+ Bxf6 21. Bb6
Bh4 22. Qxh4 Qxb6 23. f6 Qe3+ 24. Kb1 Rfd8 25. Rd7 Rxd7 26. Qg4 g6 27. Qxd7 Qb6
28. Bd5 Qc7 29. Qh3 Nd8 30. Qh6 Ne6 31. Bxe6 fxe6 32. Rf1 Qf7 33. Qe3 h6 34. Nc5
Kh7 35. Nd3 e4 36. Ne5 Qc7 37. Ng4 Qxc2+ 38. Ka1 g5 39. Qh3 1-0

[Event "1st Grand Europe Open"]
[Site "Golden Sands BUL"]
[Date "2012.06.09"]
[Round "6.16"]
[White "Parligras, Mircea-Emilian"]
[Black "Atalik, Ekaterina"]
[Result "1-0"]
[WhiteTitle "GM"]
[BlackTitle "IM"]
[WhiteElo "2622"]
[BlackElo "2474"]
[WhiteFideId "1204297"]
[BlackFideId "4130189"]
[EventDate "2012.06.04"]
[EventType "swiss"]

1. d4 Nf6 2. c4 e6 3. Nc3 Bb4 4. e3 O-O 5. Bd3 d5 6. Nf3 b6 7. cxd5 exd5 8. a3
Bxc3+ 9. bxc3 Ba6 10. O-O c5 11. dxc5 bxc5 12. Bxa6 Nxa6 13. c4 Rb8 14. Qa4 Qb6
15. cxd5 Qb5 16. Qc2 Nxd5 17. e4 Nb6 18. Be3 c4 19. Nd4 Qa4 20. Qc3 f6 21. Nf5
Rbd8 22. Bd4 Nc7 23. Rab1 Ne6 24. Bxb6 axb6 25. Rb4 Qa6 26. Rxc4 Nf4 27. Qb3 Kh8
28. g3 Ne2+ 29. Kg2 g6 30. Ne3 b5 31. Rb4 Nd4 32. Qb2 Nc6 33. Rxb5 Qa4 34. f3
Rd3 35. Nd5 Rxa3 36. Rf2 Ra2 37. Qxa2 Qxb5 38. Rb2 Qd3 39. Rd2 Qb5 40. Qa3 Rf7
41. Nf4 Qc4 42. h4 Kg7 43. Qd6 Ne5 44. Ne6+ Kh6 45. g4 Qc3 46. Rf2 Nd3 47. g5+
Kh5 48. Qxd3 1-0

[Event "1st Grand Europe Open"]
[Site "Golden Sands BUL"]
[Date "2012.06.09"]
[Round "6.17"]
[White "Ashwin, Jayaram"]
[Black "Atalik, Suat"]
[Result "1/2-1/2"]
[WhiteTitle "IM"]
[BlackTitle "GM"]
[WhiteElo "2471"]
[BlackElo "2608"]
[WhiteFideId "5018137"]
[BlackFideId "14401487"]
[EventDate "2012.06.04"]
[EventType "swiss"]

1. d4 d5 2. c4 c6 3. Nf3 Nf6 4. Nc3 e6 5. g3 dxc4 6. Bg2 b5 7. Ne5 a6 8. O-O Bb7
9. a4 Qc8 10. Bg5 Nbd7 11. Bxf6 Nxf6 12. e3 Bd6 13. b3 cxb3 14. Qxb3 O-O 15. Nd3
Rb8 16. Ne4 Nxe4 17. Bxe4 Qe8 18. Qb2 bxa4 19. Qc2 a3 20. Nc5 h6 21. Rxa3 1/2-1/2

[Event "1st Grand Europe Open"]
[Site "Golden Sands BUL"]
[Date "2012.06.09"]
[Round "6.18"]
[White "Hunt, Adam C"]
[Black "Lupulescu, Constantin"]
[Result "0-1"]
[WhiteTitle "IM"]
[BlackTitle "GM"]
[WhiteElo "2461"]
[BlackElo "2603"]
[WhiteFideId "403970"]
[BlackFideId "1207822"]
[EventDate "2012.06.04"]
[EventType "swiss"]

1. e4 c6 2. d4 d5 3. Nc3 dxe4 4. Nxe4 Bf5 5. Ng3 Bg6 6. h4 h6 7. Nf3 Nd7 8. h5
Bh7 9. Bd3 Bxd3 10. Qxd3 e6 11. Bf4 Qa5+ 12. Bd2 Bb4 13. c3 Be7 14. c4 Qc7 15.
O-O-O Ngf6 16. Kb1 Rd8 17. Qc2 O-O 18. Rde1 Rfe8 19. Ne4 c5 20. Nxc5 Nxc5 21.
dxc5 Qxc5 22. Be3 Qc7 23. Bd4 Rc8 24. Ne5 b5 25. g4 Red8 26. Bc3 b4 27. Bd2 Bd6
28. f4 Bxe5 29. fxe5 Qxc4 30. Qxc4 Rxc4 31. Bxh6 Nxg4 32. Bc1 Nf2 33. Rhg1 Nd3
34. Rd1 Rxc1+ 35. Rxc1 Nxc1 36. Rxc1 a5 37. Re1 Rd5 38. Kc2 Kh7 39. Kb3 Kh6 40.
Rf1 Rxe5 41. Rxf7 Rxh5 42. Ra7 Kg6 43. Ka4 Kf6 44. Rxa5 Rxa5+ 45. Kxa5 g5 0-1

[Event "1st Grand Europe Open"]
[Site "Golden Sands BUL"]
[Date "2012.06.09"]
[Round "6.19"]
[White "Chatalbashev, Boris"]
[Black "Smirnov, Artem"]
[Result "1-0"]
[WhiteTitle "GM"]
[BlackTitle "IM"]
[WhiteElo "2575"]
[BlackElo "2432"]
[WhiteFideId "2900440"]
[BlackFideId "4143256"]
[EventDate "2012.06.04"]
[EventType "swiss"]

1. d4 Nf6 2. c4 g6 3. Nc3 Bg7 4. e4 d6 5. Bd3 O-O 6. Nge2 Nc6 7. O-O Nd7 8. Be3
e5 9. d5 Nd4 10. Nb5 Nxe2+ 11. Qxe2 f5 12. exf5 gxf5 13. f4 a6 14. Nc3 exf4 15.
Rxf4 Ne5 16. Rb1 Ng6 17. Rf3 Qe7 18. Qd2 Bd7 19. Bg5 Qe5 20. Kh1 Rae8 21. h4 Qd4
22. h5 Ne5 23. Rg3 Kh8 24. h6 Bf6 25. Ne2 Qb6 26. Be3 c5 27. dxc6 Qxc6 28. Nd4 1-0

[Event "1st Grand Europe Open"]
[Site "Golden Sands BUL"]
[Date "2012.06.09"]
[Round "6.20"]
[White "Wan, Yunguo"]
[Black "Esen, Baris"]
[Result "1/2-1/2"]
[BlackTitle "GM"]
[WhiteElo "2456"]
[BlackElo "2568"]
[WhiteFideId "8603189"]
[BlackFideId "6302114"]
[EventDate "2012.06.04"]
[EventType "swiss"]

1. e4 c5 2. Nf3 d6 3. d4 cxd4 4. Nxd4 Nf6 5. Nc3 a6 6. Bc4 e6 7. Bb3 Nbd7 8. Bg5
Nc5 9. f4 Be7 10. Qf3 Qc7 11. O-O-O O-O 12. Rhe1 b5 13. Bd5 Nxd5 14. exd5 Bxg5
15. fxg5 e5 16. Nb3 f5 17. gxf6 Rxf6 18. Qe3 Nxb3+ 19. axb3 Bf5 20. Rf1 b4 21.
Ne4 Rff8 22. Rde1 Rac8 23. Qd3 Bg6 24. h4 a5 25. Kb1 Qb6 26. h5 Bxe4 27. Qxe4
Rf2 28. Qg4 Rcxc2 29. Qe6+ Kf8 30. Rxf2+ Qxf2 31. Qxd6+ Kf7 32. Qe6+ Kf8 33.
Qd6+ 1/2-1/2

[Event "1st Grand Europe Open"]
[Site "Golden Sands BUL"]
[Date "2012.06.09"]
[Round "6.21"]
[White "Lilov, Valeri"]
[Black "Nevednichy, Vladislav"]
[Result "1-0"]
[WhiteTitle "FM"]
[BlackTitle "GM"]
[WhiteElo "2430"]
[BlackElo "2553"]
[WhiteFideId "2906597"]
[BlackFideId "1205730"]
[EventDate "2012.06.04"]
[EventType "swiss"]

1. c4 g6 2. Nc3 Bg7 3. g3 Nf6 4. Bg2 O-O 5. d3 d6 6. e4 c6 7. Nge2 a6 8. O-O b5
9. h3 e5 10. Be3 b4 11. Nb1 c5 12. Nd2 Nc6 13. f4 exf4 14. e5 Nh5 15. Bxc6 fxe3
16. g4 Ra7 17. Nf3 dxe5 18. gxh5 Bxh3 19. Ng3 Bxf1 20. Qxf1 Rc7 21. Bd5 Rd7 22.
hxg6 hxg6 23. Qh3 Rxd5 24. cxd5 f5 25. d6 Kf7 26. Rf1 Rh8 27. Qg2 e2 28. Nxe2
Qf6 29. Nd2 Qxd6 30. Qb7+ Kg8 31. Rf3 e4 32. Rg3 Bd4+ 33. Kg2 exd3 34. Nxd4 cxd4
35. Nf3 a5 36. Ng5 Qf6 37. Qc8+ Kg7 38. Qb7+ Kh6 39. Nf7+ Kh5 40. Nxh8 Qxh8 41.
Qe7 1-0

[Event "1st Grand Europe Open"]
[Site "Golden Sands BUL"]
[Date "2012.06.09"]
[Round "6.22"]
[White "Sethuraman, S.P."]
[Black "Gutov, Andrey"]
[Result "1-0"]
[WhiteTitle "GM"]
[BlackTitle "GM"]
[WhiteElo "2546"]
[BlackElo "2421"]
[WhiteFideId "5021596"]
[BlackFideId "4130480"]
[EventDate "2012.06.04"]
[EventType "swiss"]

1. e4 e5 2. Nf3 Nc6 3. d4 exd4 4. Nxd4 Nf6 5. Nxc6 bxc6 6. e5 Qe7 7. Qe2 Nd5 8.
c4 Ba6 9. Nd2 Nb4 10. Nf3 c5 11. a3 Nc6 12. Bd2 f6 13. exf6 gxf6 14. Bc3 O-O-O
15. Qxe7 Bxe7 16. O-O-O Rhf8 17. Rd5 d6 18. Rh5 Rf7 19. Bd3 Ne5 20. Bf5+ Kb8 21.
Nd2 Bc8 22. f4 Ng6 23. g3 Bxf5 24. Rxf5 Rdf8 25. Ne4 Bd8 26. Re1 Re7 27. Kd1 Re6
28. h4 Rf7 29. h5 Nh8 30. Nxf6 Rexf6 31. Rxf6 1-0

[Event "1st Grand Europe Open"]
[Site "Golden Sands BUL"]
[Date "2012.06.09"]
[Round "6.23"]
[White "Dimitrov, Radoslav"]
[Black "Szabo, Gergely-Andras-Gyula"]
[Result "0-1"]
[WhiteTitle "IM"]
[BlackTitle "GM"]
[WhiteElo "2428"]
[BlackElo "2540"]
[WhiteFideId "2908549"]
[BlackFideId "1205064"]
[EventDate "2012.06.04"]
[EventType "swiss"]

1. c4 e6 2. Nc3 b6 3. d4 Bb7 4. e4 Bb4 5. f3 Ne7 6. Qb3 a5 7. a3 a4 8. Qc2 Bxc3+
9. bxc3 d6 10. Rb1 O-O 11. Bd3 f5 12. Ne2 Qd7 13. Be3 fxe4 14. fxe4 Nbc6 15. Nf4
e5 16. Nd5 Ng6 17. Qe2 Nd8 18. g3 Ne6 19. Kd2 Rf7 20. Qh5 Raf8 21. Be2 Qe8 22.
Rhf1 exd4 23. cxd4 Nxd4 24. Bxd4 Qxe4 25. Bc3 Rf5 26. Rxf5 Rxf5 27. Qg4 Bxd5 28.
Qxe4 Bxe4 29. Rb4 Bc6 30. Bd1 Ne5 31. Bxe5 Rxe5 32. Bxa4 Bxa4 33. Rxa4 Ra5 34.
Rxa5 bxa5 35. Kc3 Kf7 36. Kb3 Ke6 37. Ka4 d5 38. cxd5+ Kxd5 39. Kxa5 c5 40. a4
Kc6 41. h3 h6 0-1

[Event "1st Grand Europe Open"]
[Site "Golden Sands BUL"]
[Date "2012.06.09"]
[Round "6.24"]
[White "Mastrovasilis, Athanasios"]
[Black "Ivanov, Tsvetalin"]
[Result "1-0"]
[WhiteTitle "GM"]
[WhiteElo "2537"]
[BlackElo "2139"]
[WhiteFideId "4201990"]
[BlackFideId "2907720"]
[EventDate "2012.06.04"]
[EventType "swiss"]

1. c4 Nf6 2. g3 g6 3. Bg2 Bg7 4. Nc3 d6 5. d3 c5 6. Rb1 Nc6 7. a3 O-O 8. b4 cxb4
9. axb4 Be6 10. b5 Na5 11. e4 Bg4 12. Nge2 Nd7 13. f3 Be6 14. Be3 f6 15. O-O Bf7
16. f4 f5 17. Kh1 Nc5 18. exf5 gxf5 19. Bd4 Bh5 20. Bxg7 Kxg7 21. Qd2 e6 22. Rb4
Rc8 23. Nd4 Be8 24. Nf3 Qf6 25. Ne2 h6 26. Rbb1 b6 27. Nfd4 Bd7 28. Nc2 Rfd8 29.
Qe3 Re8 30. Nb4 Rc7 31. Nd4 Kf8 32. Bf3 Bc8 33. Ndc6 Bb7 34. d4 Ne4 35. Bxe4
fxe4 36. f5 Kg7 37. fxe6 Qxe6 38. d5 Qg6 39. Nxa5 bxa5 40. Nc6 Bc8 41. Rf4 Bg4
42. Re1 Rf8 43. Qd4+ Rf6 44. Rexe4 h5 45. Rxg4 hxg4 46. Rxg4 Rf7 47. Nd8 Qxg4
48. Qxg4+ Rg6 49. Ne6+ 1-0

[Event "1st Grand Europe Open"]
[Site "Golden Sands BUL"]
[Date "2012.06.09"]
[Round "6.25"]
[White "Carlsson, Pontus"]
[Black "Parligras, Cosmin"]
[Result "1/2-1/2"]
[WhiteTitle "GM"]
[WhiteElo "2531"]
[BlackElo "2264"]
[WhiteFideId "1705814"]
[BlackFideId "1206494"]
[EventDate "2012.06.04"]
[EventType "swiss"]

1. e4 c5 2. Nf3 Nf6 3. Nc3 Nc6 4. Bb5 Qc7 5. d3 e6 6. O-O Be7 7. Bxc6 Qxc6 8. e5
Nd5 9. Nxd5 Qxd5 10. c4 Qc6 11. d4 d5 12. cxd5 Qxd5 13. dxc5 Qxd1 14. Rxd1 Bxc5
15. Be3 Bxe3 16. fxe3 Bd7 17. Rac1 Rc8 18. Rxc8+ Bxc8 19. Rc1 Kd7 20. e4 b6 21.
Kf2 Bb7 22. Ke3 h6 23. Nd4 Rc8 24. Rxc8 Bxc8 25. Nb5 Ba6 26. Nd6 Bf1 27. Kf2 Bd3
28. Ke3 Bf1 29. g4 Ke7 30. h4 g5 31. hxg5 hxg5 32. Kf2 Ba6 33. Ke3 Bf1 34. a4
Bh3 35. Kf3 Bf1 36. Ke3 Bh3 37. Nc8+ Kd7 38. Nxa7 Bf1 39. b4 Ba6 40. b5 Bb7 41.
Kd3 Kc7 42. Kd4 Kb8 43. Nc6+ Bxc6 44. bxc6 Kc7 45. Kc4 Kxc6 46. Kb4 Kc7 47. Kb5
Kb7 48. Kc4 Kc6 49. Kb4 Kc7 50. a5 Kb7 51. Kb5 bxa5 52. Kxa5 Ka7 53. Kb5 Kb7 54.
Kc5 Kc7 55. Kb5 1/2-1/2

[Event "1st Grand Europe Open"]
[Site "Golden Sands BUL"]
[Date "2012.06.09"]
[Round "6.26"]
[White "Rusev, Krasimir"]
[Black "Gorbatov, Alexej"]
[Result "1-0"]
[WhiteTitle "GM"]
[BlackTitle "IM"]
[WhiteElo "2525"]
[BlackElo "2363"]
[WhiteFideId "2905434"]
[BlackFideId "4111834"]
[EventDate "2012.06.04"]
[EventType "swiss"]

1. d4 Nf6 2. c4 e6 3. Nf3 c5 4. d5 exd5 5. cxd5 d6 6. h3 g6 7. e4 Bg7 8. Bd3 O-O
9. O-O c4 10. Bc2 Na6 11. Nc3 Nc5 12. Be3 Qa5 13. Bd4 Rd8 14. Re1 Bd7 15. e5 Ne8
16. exd6 Bxd4 17. Qxd4 Nxd6 18. Qh4 Qb6 19. Rab1 Re8 20. Ne5 Re7 21. Re3 Rae8
22. Nxc4 Nxc4 23. Rxe7 Rxe7 24. Qxc4 a5 25. Qf4 Kg7 26. Qd4+ f6 27. d6 Re5 28.
f4 Re6 29. Rd1 Qb4 30. Kh2 b6 31. f5 Re5 32. Qxb4 axb4 33. Nd5 1-0

[Event "1st Grand Europe Open"]
[Site "Golden Sands BUL"]
[Date "2012.06.09"]
[Round "6.27"]
[White "Spassov, Liuben"]
[Black "Nikolov, Momchil"]
[Result "1/2-1/2"]
[WhiteTitle "GM"]
[BlackTitle "GM"]
[WhiteElo "2353"]
[BlackElo "2553"]
[WhiteFideId "2900220"]
[BlackFideId "2905710"]
[EventDate "2012.06.04"]
[EventType "swiss"]

1. Nf3 Nf6 2. c4 e6 3. g3 b6 4. Bg2 Bb7 5. O-O Be7 6. d4 O-O 7. Nc3 Ne4 8. Bd2
Bf6 9. Rc1 Nxd2 10. Qxd2 d6 11. d5 e5 12. Ne1 Bg5 13. e3 f5 14. f4 Bf6 15. fxe5
Bxe5 16. Nf3 Nd7 1/2-1/2